00747nam a22002177a 450000500170000001000140001702000250003103500130005603700130006908200120008210000270009424500460012126000420016727000440020930000220025365000310027565000450030694200260035199900170037795201350039420100812115710.0 aENG-99785 a9789380173887c75.00 aEN-83317 bDBAD/PUB a005.756 aDevi, S. Rathna911923 aSQL & PL/SQL queries /cby S. Rathna Devi aKoradacherrybAruma Publicationc2009 a35, Gandhi ColonybKoradacherrye613703 a128p.c20cm (pbk) aDatabase Management911924 aSQL (computer programme language)911925 2ddccENh005.756mDEV c41270d41270 001040718NFICaDBADbDBADd2010-08-12eDBAD/PUBg75.00l0o005.756 DEVpEN-83317r2010-08-12 00:00:00t1v75.00w2010-08-12yEN